Las Ventas (Record no. 188618)

MARC details
000 -LEADER
campo de control de longitud fija 01177nam a2200289 i 4500
001 - NÚMERO DE CONTROL
campo de control 188618
003 - IDENTIFICADOR DE NÚMERO DE CONTROL
campo de control SpMaBN
005 - FECHA Y HORA DE LA ÚLTIMA TRANSACCIÓN
campo de control 20231222211442.0
008 - DATOS DE LONGITUD FIJA--INFORMACIÓN GENERAL
campo de control de longitud fija 190111s2006 sp ao |||| | spa d
020 ## - NÚMERO INTERNACIONAL ESTÁNDAR DEL LIBRO
Número Internacional Estándar del Libro 84-451-2865-5
080 ## - NÚMERO DE LA CLASIFICACIÓN DECIMAL UNIVERSAL
Número de la Clasificación Decimal Universal 725.826(460.27 M.):791.862(091)
080 ## - NÚMERO DE LA CLASIFICACIÓN DECIMAL UNIVERSAL
Número de la Clasificación Decimal Universal 791.862(460.27 M.)(091)
245 04 - MENCIÓN DEL TÍTULO
Título Las Ventas
Resto del título : 75 años de historia /
Mención de responsabilidad, etc. Miguel Ángel Baldellou ... [et al.] ; coordinación editorial y selección gráfica, Carlos Abella.
260 ## - PUBLICACIÓN, DISTRIBUCIÓN, ETC.
Lugar de publicación, distribución, etc. [Madrid] :
Nombre del editor, distribuidor, etc. Centro de Asuntos Taurinos de la Comunidad de Madrid,
Fecha de publicación, distribución, etc. [2006]
300 ## - DESCRIPCIÓN FÍSICA
Extensión 479 p. :
Otras características físicas il., fot. ;
Dimensiones 28 cm.
504 ## - NOTA DE BIBLIOGRAFÍA, ETC.
Nota de bibliografía, etc. Referencias bibliográficas.
610 27 - PUNTO DE ACCESO ADICIONAL DE MATERIA--NOMBRE DE ENTIDAD CORPORATIVA
Nombre de entidad corporativa o nombre de jurisdicción como elemento de entrada Plaza de Toros de Las Ventas.
9 (RLIN) 161874
650 #7 - PUNTO DE ACCESO ADICIONAL DE MATERIA--TÉRMINO DE MATERIA
Término de materia o nombre geográfico como elemento de entrada Corridas de toros-
Subdivisión geográfica Madrid-
Subdivisión de forma Historia.
9 (RLIN) 138679
700 1# - ENTRADA AGREGADA--NOMBRE PERSONAL
Nombre de persona Baldellou, Miguel Ángel.
9 (RLIN) 143729
700 1# - ENTRADA AGREGADA--NOMBRE PERSONAL
Nombre de persona Abella, Carlos,
Fechas asociadas al nombre 1947-
9 (RLIN) 161871
710 2# - ENTRADA AGREGADA--NOMBRE DE ENTIDAD CORPORATIVA
Nombre de entidad corporativa o nombre de jurisdicción como elemento de entrada Centro de Asuntos Taurinos (Madrid)
9 (RLIN) 234656
852 ## - LOCALIZACIÓN
Ubicación ES-MaACL
Número de control de estantería A-14290
itemnumber 195749
Sublocalización o colección R.151683
Ubicación en estantería Depósito 1
Signatura antigua Olim: N-7290
Donativo/Legado Donación: Centro de Asuntos Taurinos
903 ## - NOMBRE PERSONAL DE DONANTE
9 234656
e Donante
914 ## - NOMBRE ENTIDAD DE DONANTE
Nombre de congreso/reunión o jurisdicción como elemento de entrada Centro de Asuntos Taurinos (Madrid)
Unidad subordinada Donante
RLIN 234656
942 ## - ELEMENTOS DE ENTRADA SECUNDARIOS (KOHA)
Fuente del sistema de clasificación o colocación Clasificación decimal universal
Tipo de ítem Koha Libro impreso
Holdings
Estatus retirado Estado de pérdida Fuente del sistema de clasificación o colocación Estado de daño No para préstamo Biblioteca de origen Biblioteca actual Ubicación en estantería Fecha de adquisición Fuente de adquisición Total de préstamos Signatura topográfica completa Código de barras Visto por última vez Precio de reemplazo Tipo de ítem Koha
    Clasificación decimal universal     Biblioteca del Ateneo de Madrid Biblioteca del Ateneo de Madrid Depósito 1 11/01/2019 Donación   A-14290 1199605 23/02/2023 23/02/2023 Libro impreso